Estadísticas para Haz clic en el elemento químico

Haz click aquí para intentar la prueba.

Estadísticas generales

  • Esta prueba ha sido intentada 1.333 veces
  • La puntuación promedio es 21 de 24

Estadísticas de respuestas

HintRespuesta% Correcto
SiSilicio
95%
TiTitanio
95%
KrKriptón
93%
NeNeón
93%
ArArgón
92%
CCarbono
92%
IrIridio
92%
NNitrógeno
92%
CuCobre
91%
CrCromo
91%
CaCalcio
90%
FeHierro
90%
NiNíquel
87%
AuOro
87%
PbPlomo
87%
NaSodio
86%
SAzufre
84%
KPotasio
83%
WTungsteno
81%
PtPlatino
80%
IYodo
76%
SnEstaño
74%
PFósforo
73%
AgPlata
62%

Distribución de puntuación

Porcentaje por número respondido

Porcentaje de gente con cada puntuación

Historial de tus puntuaciones

No has intentado esta prueba.